Poema del cante jondo : Llanto por Ignacio Sánchez Mejías
שמור ב:
| מחבר ראשי: | |
|---|---|
| פורמט: | ספר |
| שפה: | Undetermined |
| יצא לאור: |
Buenos Aires, Argentina
Editorial Losada
1948
|
| מהדורה: | 2 |
| נושאים: | |
| תגים: |
הוספת תג
אין תגיות, היה/י הראשונ/ה לתייג את הרשומה!
|
MARC
| LEADER | 00000nam a2200000Ia 4500 | ||
|---|---|---|---|
| 008 | 170316s9999 xx 000 0 und d | ||
| 040 | |a cru BVZT | ||
| 090 | |a 862 G-13p | ||
| 100 | |a García Lorca, Federico | ||
| 245 | |a Poema del cante jondo : Llanto por Ignacio Sánchez Mejías | ||
| 250 | |a 2 | ||
| 260 | |a Buenos Aires, Argentina | ||
| 260 | |b Editorial Losada | ||
| 260 | |c 1948 | ||
| 300 | |a 127 páginas | ||
| 650 | |a LITERATURA ESPAÑOLA | ||
| 650 | |a POEMAS | ||
| 650 | |a EN IDIOMA ESPAÑOL | ||
| 999 | |c 9880 |d 9880 | ||
| 942 | |c 15 D |h 862 G-13p |2 z | ||
